logo

Bir Sreshtho Munshi Abdur Rouf Library
Jhenaidah Cadet College

বিশ্বায়নের যুগে ইসলাম উম্মাহ এবং সভ্যতা / (Record no. 12691)

MARC details
000 -LEADER
fixed length control field 00899nam a2200241 a 4500
001 - CONTROL NUMBER
JCCL Control Number 12691
003 - CONTROL NUMBER IDENTIFIER
JCCL marc code BD-JhCC
005 - DATE AND TIME OF LATEST TRANSACTION
control field 20230508081423.0
008 - FIXED-LENGTH DATA ELEMENTS--GENERAL INFORMATION
fixed length control field 230508s2020 |||| |||| 000 0 b d
020 ## - INTERNATIONAL STANDARD BOOK NUMBER
International Standard Book Number 9789849495123
035 ## - SYSTEM CONTROL NUMBER
system control number (BD-JhCC)12691
040 ## - CATALOGING SOURCE
Original cataloging agency BD-JhCC
Modifying agency BD-JhCC
041 ## - LANGUAGE CODE
Language code of Book Bangla
082 ## - DEWEY DECIMAL CLASSIFICATION NUMBER
Classification number 297.2
Author mark and Year GOR
100 ## - MAIN ENTRY--PERSONAL NAME
Personal name গরমেজ, ড. মেহমেদ
245 ## - TITLE STATEMENT
Title বিশ্বায়নের যুগে ইসলাম উম্মাহ এবং সভ্যতা /
Statement of responsibility, etc ড. মেহমেদ গরমেজ; বুরহান উদ্দিন (অনু.)
260 ## - PUBLICATION, DISTRIBUTION, ETC. (IMPRINT)
Place of publication, distribution, etc ঢাকা :
Name of publisher, distributor, etc মক্তব প্রকাশনী,
Date of publication, distribution, etc ২০২০
300 ## - PHYSICAL DESCRIPTION
Pagination ১১৬ পৃ. :
Dimensions ২১ সেমি.
650 ## - SUBJECT ADDED ENTRY--TOPICAL TERM
Topical term or geographic name as entry element Islamic civilization
650 ## - SUBJECT ADDED ENTRY--TOPICAL TERM
Topical term or geographic name as entry element Muslim civilization
700 ## - ADDED ENTRY--PERSONAL NAME
Personal name উদ্দিন, বুরহান
942 ## - ADDED ENTRY ELEMENTS (KOHA)
Source of classification or shelving scheme Dewey Decimal Classification
Koha item type Books
Holdings
Source of classification or shelving scheme Damaged status Not for loan Home library Current library Shelving location Date of accession Cost, normal purchase price Total Checkouts Full call number Barcode Date last seen Copy number Method of acquisition Koha item type Currency
Dewey Decimal Classification     JCC Rouf Library JCC Rouf Library General Stacks 05/07/2023 140.00   297.2 GOR 17108 05/08/2023 C-1 Purchase Books BDT

JCC Library | Contacts | JCC Home

Last Update on 23 September 2017
Copyright @ 2017-2020 JCC Rouf Library
Rouf Library, Jhenidah Cadet College (JCC), Bangladesh